000 00908 a2200229 4500
010 _aENG-89686
020 _a8178241978
_c595.00
035 _aEN-73219
037 _bDBAD / VEN
082 1 4 _a639.9
090 _c11455
_d11455
245 1 _aMaking conservation work:
_bsecuring biodiversity in this new century/
_cedited by Ghazala Shahabuddin and Mahesh Rangarajan
260 _aRanikhet
_bPermanent Black
_c2008
260 _aNew Delhi
_bOrient Longman
_c2008
270 _aHimalayana Mall Raod, Ranikhet Cantt.,
_bRanikhet
_e263645
300 _axiii, 295p.;
_c23 cm (Hb)
490 _a(Nature, culture, conservation series/edited by Mahesh Rangarajan and K. Ullas Karanth
500 _aIncludes bibliographical references
700 1 _aRangarajan, Mahesh
942 _adpl
_cEN
_k639.9 / MAK
999 _c11140
_d11140